Statistics for 15 Most Spanish Speaking US States

Click here to take the quiz!

General Stats

  • This quiz has been taken 147 times
  • The average score is 13 of 15

Answer Stats

PercentageState% Correct
28.74%New Mexico
99%
25.80%California
98%
16.46%Florida
97%
27.00%Texas
97%
19.51%Arizona
95%
13.61%New York
95%
16.18%Nevada
92%
10.53%Colorado
89%
7.42%Utah
88%
6.80%Oregon
86%
10.86%Illinois
85%
12.32%New Jersey
84%
6.70%Idaho
69%
8.42%Connecticut
62%
8.06%Rhode Island
61%

Score Distribution

Percentile by Number Answered

Percent of People with Each Score

Your Score History

You have not taken this quiz